Camino de Dios con Israel (Record no. 111782)

MARC details
000 -LEADER
campo de control de longitud fija 00540nam a2200157 4500
001 - NÚMERO DE CONTROL
campo de control 111782
003 - IDENTIFICADOR DE NÚMERO DE CONTROL
campo de control ES-MaACL
007 - CAMPO FIJO DE DESCRIPCIÓN FÍSICA--INFORMACIÓN GENERAL
campo de control de longitud fija t|
008 - DATOS DE LONGITUD FIJA--INFORMACIÓN GENERAL
campo de control de longitud fija 061121s1966 sp r ||||1| spa d
100 1# - ENTRADA PRINCIPAL--NOMBRE DE PERSONA
Nombre de persona Neumann, Johann Joachim.
9 (RLIN) 85446
245 10 - MENCIÓN DEL TÍTULO
Título Camino de Dios con Israel
Resto del título : manual básico de trabajo con el Antiguo Testamento /
Mención de responsabilidad, etc. Juan Joaquín Neumann; [versión, Atilano Rico Seco].
260 ## - PUBLICACIÓN, DISTRIBUCIÓN, ETC.
Lugar de publicación, distribución, etc. Estella :
Nombre del editor, distribuidor, etc. Verbo Divino,
Fecha de publicación, distribución, etc. 1966.
300 ## - DESCRIPCIÓN FÍSICA
Extensión 190 p. ;
Dimensiones 19 cm.
700 1# - ENTRADA AGREGADA--NOMBRE PERSONAL
Nombre de persona Rico Seco, Atilano.
9 (RLIN) 97036
852 ## - LOCALIZACIÓN
Ubicación ES-MaACL
Número de control de estantería G-15958
Sublocalización o colección R.62271
Holdings
Estatus retirado Estado de pérdida Estado de daño No para préstamo Biblioteca de origen Biblioteca actual Ubicación en estantería Fecha de adquisición Fuente de adquisición Total de préstamos Signatura topográfica completa Código de barras Visto por última vez Precio de reemplazo Tipo de ítem Koha
        Biblioteca del Ateneo de Madrid Biblioteca del Ateneo de Madrid Sala Pecera Planta 3 17/01/2008     G-15958 1116606 23/02/2023 23/02/2023 Libro impreso